Southville International School and Colleges
Your cart is empty.
  • Cart
  • Lists
    Public lists Eva Luna New books Lux_list list_1
    Your lists Log in to create your own lists
  • Log in to your account
  • Your cookies
  • Search history
Southville International School and Colleges
  • Advanced search
  • Recent comments
  • Most popular
  • Libraries

Log in to your account

Log in with GOOGLE


If you do not have an external account, but do have a local account, you can still log in:

  1. Home
  2. MARC view: Better elder care :
Normal view MARC view ISBD view

Better elder care : (Record no. 16332)

[ view plain ]
MARC details
000 -LEADER
fixed length control field 01336cam a22003974a 4500
001 - CONTROL NUMBER
control field 12503952
003 - CONTROL NUMBER IDENTIFIER
control field OSt
005 - DATE AND TIME OF LATEST TRANSACTION
control field 20140310182818.0
008 - FIXED-LENGTH DATA ELEMENTS--GENERAL INFORMATION
fixed length control field 010815s2002 paua b 001 0 eng c
010 ## - LIBRARY OF CONGRESS CONTROL NUMBER
LC control number 2001048356
020 ## - INTERNATIONAL STANDARD BOOK NUMBER
International Standard Book Number 078175240X
035 ## - SYSTEM CONTROL NUMBER
System control number (DNLM)101126217
040 ## - CATALOGING SOURCE
Original cataloging agency DNLM/DLC
Transcribing agency DNLM
Modifying agency DLC
042 ## - AUTHENTICATION CODE
Authentication code pcc
050 00 - LIBRARY OF CONGRESS CALL NUMBER
Classification number RC 954
Item number .B48 2002
245 00 - TITLE STATEMENT
Title Better elder care :
Remainder of title a nurse's guide to caring for older adults /
Statement of responsibility, etc [contributors, Dorothy T. Arnold ... et al.].
260 ## - PUBLICATION, DISTRIBUTION, ETC. (IMPRINT)
Place of publication, distribution, etc Springhouse, Pa. :
Name of publisher, distributor, etc Springhouse Corporation,
Date of publication, distribution, etc 2002.
300 ## - PHYSICAL DESCRIPTION
Extent viii, 536 p. :
Other physical details ill. ;
Dimensions 24 cm.
504 ## - BIBLIOGRAPHY, ETC. NOTE
Bibliography, etc Includes bibliographical references (p. 525-526) and index.
521 ## - TARGET AUDIENCE NOTE
Target audience note
650 #0 - SUBJECT ADDED ENTRY--TOPICAL TERM
Topical term or geographic name as entry element Geriatric nursing.
650 12 - SUBJECT ADDED ENTRY--TOPICAL TERM
Topical term or geographic name as entry element Nursing Care
General subdivision Aged.
650 22 - SUBJECT ADDED ENTRY--TOPICAL TERM
Topical term or geographic name as entry element Geriatric Nursing.
700 1# - ADDED ENTRY--PERSONAL NAME
Personal name Arnold, Dorothy T.
710 2# - ADDED ENTRY--CORPORATE NAME
Corporate name or jurisdiction name as entry element Springhouse Corporation.
856 42 - ELECTRONIC LOCATION AND ACCESS
Materials specified Publisher description
Uniform Resource Identifier <a href="http://www.loc.gov/catdir/enhancements/fy0711/2001048356-d.html">http://www.loc.gov/catdir/enhancements/fy0711/2001048356-d.html</a>
906 ## - LOCAL DATA ELEMENT F, LDF (RLIN)
a 7
b cbc
c orignew
d 1
e ocip
f 20
g y-gencatlg
942 ## - ADDED ENTRY ELEMENTS (KOHA)
Source of classification or shelving scheme Library of Congress Classification
Koha item type Books
Call number prefix Foreign
Holdings
Withdrawn status Lost status Source of classification or shelving scheme Damaged status Home library Current library Shelving location Date acquired Total Checkouts Full call number Barcode Date last seen Copy number Price effective from Koha item type Source of acquisition
    Library of Congress Classification   Archives Archives   12/12/2013   RC 954 .B48 2002 C7163 05/15/2018 2 12/12/2013 Books Donation
    Library of Congress Classification   Archives Archives   12/12/2013   RC 954 .B48 2002 C7161 05/15/2018 3 03/10/2014 Books Donation
    Library of Congress Classification   College Library College Library General Circulation Section 12/12/2013   RC 954 .B48 2002 C7162 05/15/2018 1 12/12/2013 Books  
    Library of Congress Classification   College Library College Library General Circulation Section 12/12/2013   RC 954 .B48 2002 C7160 05/15/2018 4 12/12/2013 Books  
    Library of Congress Classification   College Library College Library General Circulation Section 12/12/2013   RC 954 .B48 2002 C7159 05/15/2018 5 12/12/2013 Books  

Better elder care :

APA

Arnold D. T., Springhouse Corporation, . (2002). Better elder care. Springhouse, Pa: Springhouse Corporation.

Chicago

Arnold Dorothy T, Springhouse Corporation, . 2002. Better elder care. Springhouse, Pa: Springhouse Corporation.

Harvard

Arnold D. T., Springhouse Corporation, . (2002). Better elder care. Springhouse, Pa: Springhouse Corporation.

MLA

Arnold Dorothy T, Springhouse Corporation, . Better elder care. Springhouse, Pa: Springhouse Corporation. 2002.

  • Place hold
  • Print
  • Cite
  • Add to your cart (remove)
  • Save record
    BIBTEX Dublin Core MARCXML MARC (non-Unicode/MARC-8) MARC (Unicode/UTF-8) MARC (Unicode/UTF-8, Standard) MODS (XML) RIS
  • More searches
    Search for this title in:
    Other Libraries (WorldCat) Other Databases (Google Scholar) Online Stores (Bookfinder.com) Open Library (openlibrary.org)

Exporting to Dublin Core...

SOUTHVILLE LIBRARY

Southville International School and Colleges Library

1281 Tropical Ave. Cor. Luxembourg St., BF Homes International, Las Pinas City

Tel. No. 8256374 / 252358 Loc. 117/146

Powered by Koha